Couleur des sièges des stations de métro parisien - Statistiques

Statistiques générales
  • Ce quiz a été pris 14 fois
    9 depuis la dernière actualisation
  • Le résultat moyen est 10 sur 403
Statistiques - réponses
Hint Réponse % Correct
1 La Défense Rouge
63%
1 Les Sablons Bordeaux
50%
1 Esplanade de La Défense Jaune
50%
1 Porte Maillot Jaune
50%
1 Pont de Neuilly Vert
50%
1 Champs-Élysées - Clémenceau Blanc
38%
1 Argentine Bleu
38%
1 Charles de Gaulle - Étoile Bordeaux
38%
1 Franklin D. Roosevelt Noir
38%
1 George V Vert
38%
1 Concorde Violet/Rose
38%
9 Alma-Marceau Bleu
25%
9 Miromesnil Bleu
25%
1 Hôtel de Ville Bleu/Rouge
25%
9 Franklin D. Roosevelt Jaune
25%
9 Trocadéro Vert
25%
3 Quatre-Septembre Blanc
13%
2 Barbès - Rochechouart Blanc/Inox
13%
2 Villiers Bleu
13%
2 Place de Clichy Bleu
13%
2 Pigalle Bleu
13%
2 La Chapelle Bleu
13%
2 Stalingrad Bleu
13%
2 Jaurès Bleu
13%
2 Colonel Fabien Bleu
13%
8 Ledru-Rollin Bleu
13%
8 Daumesnil Bleu
13%
1 Saint-Mandé (- Tourelle) Cyan
13%
3 Villiers Cyan
13%
1 Gare de Lyon Jaune
13%
3 Havre - Caumartin Jaune
13%
1 Louvre - Rivoli Noir
13%
8 Bastille Orange
13%
8 Porte Dorée Orange
13%
8 Porte de Charenton Orange
13%
9 Saint-Philippe-du-Roule Orange
13%
9 Saint-Augustin Orange
13%
9 Havre-Caumartin Orange
13%
9 Oberkampf Orange
13%
1 Châtelet Rouge
13%
9 Jasmin Rouge
13%
9 Ranelagh Rouge
13%
9 Rue de la Pompe Rouge
13%
9 Iéna Rouge
13%
3 Malesherbes Vert
13%
9 La Muette Vert
13%
8 Chemin Vert Violet
13%
1 Bastille Absent
0%
1 Château de Vincennes Absent
0%
5 Campo-Formio Absent
0%
5 Place d'Italie Absent
0%
10 Gare d'Austerlitz Absent
0%
12 Porte de La Chapelle Absent
0%
12 Marx Dormoy Absent
0%
13(j) Porte de Clichy Absent
0%
13 Place de Clichy Absent
0%
13 Saint-Lazare Absent
0%
4 Châtelet Beige
0%
4 Saint-Michel Beige
0%
4 Odéon Beige
0%
3 Pont de Levallois - Bécon Blanc
0%
3 Parmentier Blanc
0%
6 Bir-Hakeim Blanc
0%
6 La Motte-Picquet - Grenelle Blanc
0%
6 Pasteur Blanc
0%
6 Quai de la Gare Blanc
0%
6 Nation Blanc
0%
7bis Bolivar Blanc
0%
7bis Botzaris Blanc
0%
8 Lourmel Blanc
0%
8 Créteil - L'Échat Blanc
0%
9 Porte de Saint-Cloud Blanc
0%
9 Porte de Montreuil Blanc
0%
11 Coteaux Beauclair Blanc
0%
12 Saint-Lazare Blanc
0%
13(b) Saint-Denis - Université Blanc
0%
13(b) Carrefour Pleyel Blanc
0%
13 Liège Blanc
0%
13 Varenne Blanc
0%
13 Pernety Blanc
0%
14 Mairie de Saint-Ouen Blanc
0%
14 Porte de Clichy Blanc
0%
14 Maison Blanche Blanc
0%
2 Ménilmontant Bleu
0%
2 Philippe Auguste Bleu
0%
2 Avron Bleu
0%
2 Nation Bleu
0%
3 Pereire Bleu
0%
3 Wagram Bleu
0%
3 République Bleu
0%
3bis Porte des Lilas Bleu
0%
4 Saint-Sulpice Bleu
0%
4 Saint-Placide Bleu
0%
4 Montparnasse - Bienvenüe Bleu
0%
4 Vavin Bleu
0%
5 Stalingrad Bleu
0%
5 Quai de La Râpée Bleu
0%
5 Gare d'Austerlitz Bleu
0%
6 Kléber Bleu
0%
6 Raspail Bleu
0%
6 Place d'Italie Bleu
0%
6 Picpus Bleu
0%
7 Corentin Cariou Bleu
0%
7 Crimée Bleu
0%
7 Riquet Bleu
0%
7 Chaussée d'Antin - La Fayette Bleu
0%
7 Sully - Morland Bleu
0%
7 Censier - Daubenton Bleu
0%
7 Les Gobelins Bleu
0%
7 Maison Blanche Bleu
0%
7(b) Villejuif - Léo Lagrange Bleu
0%
7bis Pré Saint-Gervais Bleu
0%
8 Richelieu-Drouot Bleu
0%
8 Filles du Calvaire Bleu
0%
8 Créteil - Université Bleu
0%
8 Créteil - Préfecture Bleu
0%
9 Michel-Ange - Molitor Bleu
0%
9 Chaussée d'Antin - La Fayette Bleu
0%
9 Mairie de Montreuil Bleu
0%
10 Mirabeau Bleu
0%
10 Avenue Émile Zola Bleu
0%
10 Duroc Bleu
0%
10 Vaneau Bleu
0%
10 Cardinal Lemoine Bleu
0%
10 Jussieu Bleu
0%
11 Châtelet (Avenue Victoria) Bleu
0%
11 Hôtel de Ville Bleu
0%
11 Porte des Lilas Bleu
0%
11 La Dhuys Bleu
0%
12 Notre-Dame de Lorette Bleu
0%
12 Convention Bleu
0%
13(j) Asnières - Gennevilliers - Les Courtilles Bleu
0%
13(j) Les Agnettes Bleu
0%
13 Miromesnil Bleu
0%
13 Invalides Bleu
0%
13 Plaisance Bleu
0%
13 Malakoff - Rue Étienne Dolet Bleu
0%
13 Châtillon - Montrouge Bleu
0%
7 Cadet Bleu/Blanc/Rouge
0%
3 Saint-Lazare Bleu Ciel
0%
3 Réaumur - Sébastopol Bleu Ciel
0%
13(b) Basilique de Saint-Denis Bleu Ciel
0%
12 Volontaires Bleu clair
0%
7 Stalingrad Bleu/Inox
0%
13(b) Saint-Denis - Porte de Paris Bleu/Inox
0%
1 Tuileries Bois
0%
3 Europe Bois
0%
3 Temple Bois
0%
5 Hoche Bois
0%
5 Porte de Pantin Bois
0%
5 Jaurès Bois
0%
5 Saint-Marcel Bois
0%
6 Dupleix Bois
0%
6 Cambronne Bois
0%
6 Nationale Bois
0%
6 Bercy Bois
0%
12 Concorde Bois
0%
12 Solférino Bois
0%
12 Sèvres - Babylone Bois
0%
14 Saint-Lazare Bois
0%
14 Madeleine Bois
0%
14 Pyramides Bois
0%
14 Châtelet Bois
0%
14 Gare de Lyon Bois
0%
14 Bercy Bois
0%
14 Cour Saint-Émilion Bois
0%
14 Bibliothèque François Mitterrand Bois
0%
14 Olympiades Bois
0%
14 Saint-Denis - Pleyel Bois/Noir
0%
14 Aéroport d'Orly Bois/Noir
0%
1 Nation Bordeaux
0%
1 Porte de Vincennes Bordeaux
0%
2 Couronnes Bordeaux
0%
4 Simplon Bordeaux
0%
4 Marcadet-Poissonniers Bordeaux
0%
4 Château Rouge Bordeaux
0%
4 Barbès - Rochechouart Bordeaux
0%
4 Gare du Nord Bordeaux
0%
5 Bobigny - Pantin - Raymond Queneau Bordeaux
0%
5 Bastille Bordeaux
0%
6 Daumesnil Bordeaux
0%
7 Pyramides Bordeaux
0%
10 Boulogne - Jean Jaurès Bordeaux
0%
10 Michel-Ange - Molitor Bordeaux
0%
10 Michel-Ange - Auteuil Bordeaux
0%
10 Porte d'Auteuil Bordeaux
0%
12 Lamarck - Caulaincourt Bordeaux
0%
12 Assemblée Nationale Bordeaux
0%
12 Porte de Versailles Bordeaux
0%
13(j) Brochant Bordeaux
0%
13(b) Guy Môquet Bordeaux
0%
13 Porte de Vanves Bordeaux
0%
3 Bourse Cyan
0%
4 Raspail Cyan
0%
4 Denfert-Rochereau Cyan
0%
4 Mouton-Duvernet Cyan
0%
4 Alésia Cyan
0%
4 Porte d'Orléans Cyan
0%
7 Le Peletier Cyan
0%
8 Félix Faure Cyan
0%
12 Mairie d'Aubervilliers Cyan
0%
12 Marcadet - Poissonniers Cyan
0%
13(b) Porte de Saint-Ouen Cyan
0%
14 Saint-Ouen Cyan
0%
14 Pont Cardinet Cyan
0%
14 Hôpital Bicêtre Cyan
0%
14 L'Haÿ-les-Roses Cyan
0%
14 Thiais - Orly Cyan
0%
8 École Vétérinaire de Maisons-Alfort Cyan/Vert
0%
3bis Saint-Fargeau Gris
0%
6 Saint-Jacques Gris
0%
6 Corvisart Gris
0%
8 Bonne Nouvelle Gris
0%
9 Bonne Nouvelle Gris
0%
10 Cluny - La Sorbonne Gris
0%
11 Rambuteau Gris
0%
11 Place des Fêtes Gris
0%
10 Javel - André Citroën Inox
0%
2 Alexandre Dumas Jaune
0%
3 Anatole France Jaune
0%
3 Porte de Champerret Jaune
0%
3 Sentier Jaune
0%
3 Père Lachaise Jaune
0%
3 Gallieni Jaune
0%
4 Gare de l'Est Jaune
0%
4 Château d'Eau Jaune
0%
4 Strasbourg - Saint-Denis Jaune
0%
4 Étienne Marcel Jaune
0%
4 Les Halles Jaune
0%
4 Bagneux - Lucie Aubrac Jaune
0%
5 Oberkampf Jaune
0%
5 Bréguet-Sabin Jaune
0%
6 Passy Jaune
0%
7 Poissonnière Jaune
0%
7 Pont Marie Jaune
0%
7(j) Porte de Choisy Jaune
0%
7bis Buttes-Chaumont Jaune
0%
8 Balard Jaune
0%
8 Madeleine Jaune
0%
8 République Jaune
0%
8 Charenton-Écoles Jaune
0%
9 Billancourt Jaune
0%
9 Strasbourg - Saint-Denis Jaune
0%
9 République Jaune
0%
9 Voltaire Jaune
0%
9 Charonne Jaune
0%
9 Rue des Boulets Jaune
0%
9 Croix de Chavaux Jaune
0%
10 Charles Michels Jaune
0%
10 Odéon Jaune
0%
11 Goncourt Jaune
0%
11 Télégraphe Jaune
0%
11 Romainville - Carnot Jaune
0%
12 Aimé Césaire Jaune
0%
12 Jules Joffrin Jaune
0%
12 Abbesses Jaune
0%
12 Trinité - D'Estienne d'Orves Jaune
0%
12 Notre-Dame-des-Champs Jaune
0%
12 Falguière Jaune
0%
13(b) Garibaldi Jaune
0%
13 La Fourche Jaune
0%
14 Chevilly-Larue Jaune
0%
7 Louis Blanc Jaune/Gris
0%
7bis Louis Blanc Jaune/Gris
0%
4 Saint-Germain-des-Prés Noir
0%
11 Arts et Métiers Noir
0%
1 Reuilly - Diderot Orange
0%
2 Courcelles Orange
0%
2 Blanche Orange
0%
2 Belleville Orange
0%
2 Père Lachaise Orange
0%
3 Rue Saint-Maur Orange
0%
3bis Pelleport Orange
0%
4 Porte de Clignancourt Orange
0%
4 Mairie de Montrouge Orange
0%
4 Barbara Orange
0%
5 Bobigny - Pablo Picasso Orange
0%
5 Église de Pantin Orange
0%
5 Gare du Nord Orange
0%
5 Jacques Bonsergent Orange
0%
6 Denfert-Rochereau Orange
0%
7 La Courneuve - 8 Mai 1945 Orange
0%
7 Fort d'Aubervilliers Orange
0%
7 Porte de la Villette Orange
0%
7 Palais Royal - Musée du Louvre Orange
0%
7 Pont Neuf Orange
0%
7 Jussieu Orange
0%
7 Place Monge Orange
0%
7(b) Villejuif - Paul Vaillant-Couturier Orange
0%
7(b) Villejuif - Louis Aragon Orange
0%
7(j) Mairie d'Ivry Orange
0%
7bis Jaurès Orange
0%
7bis Place des Fêtes Orange
0%
8 Boucicaut Orange
0%
8 La Motte-Picquet - Grenelle Orange
0%
8 La Tour-Maubourg Orange
0%
8 Opéra Orange
0%
8 Saint-Sébastien - Froissart Orange
0%
8 Faidherbe - Chaligny Orange
0%
8 Michel Bizot Orange
0%
8 Créteil - Pointe du Lac Orange
0%
9 Michel-Ange - Auteuil Orange
0%
9 Richelieu - Drouot Orange
0%
9 Grands Boulevards Orange
0%
9 Saint-Ambroise Orange
0%
10 Boulogne - Pont de Saint-Cloud Orange
0%
10 Chardon-Lagache Orange
0%
10 Église d'Auteuil Orange
0%
10 La Motte-Picquet - Grenelle Orange
0%
10 Maubert - Mutualité Orange
0%
11 Pyrénées Orange
0%
11 Rosny - Bois-Perrier Orange
0%
12 Pigalle Orange
0%
12 Rue du Bac Orange
0%
12 Rennes Orange
0%
12 Pasteur Orange
0%
13(j) Gabriel Péri Orange
0%
13 Champs-Élysées - Clémenceau Orange
0%
13 Malakoff - Plateau de Vanves Orange
0%
2 Porte Dauphine Rouge
0%
2 Victor Hugo Rouge
0%
2 Charles de Gaulle - Étoile Rouge
0%
2 Rome Rouge
0%
3 Louise Michel Rouge
0%
3 Opéra Rouge
0%
3 Porte de Bagnolet Rouge
0%
3bis Gambetta Rouge
0%
5 Ourcq Rouge
0%
6 Charles de Gaulle - Étoile Rouge
0%
6 Montparnasse - Bienvenüe Rouge
0%
6 Edgar Quinet Rouge
0%
6 Glacière Rouge
0%
6 Chevaleret Rouge
0%
6 Bel-Air Rouge
0%
7 Aubervilliers - Pantin - Quatre Chemins Rouge
0%
7 Tolbiac Rouge
0%
7(b) Le Kremlin-Bicêtre Rouge
0%
7(j) Porte d'Italie Rouge
0%
7(j) Porte d'Ivry Rouge
0%
7(j) Pierre et Marie Curie Rouge
0%
7bis Danube Rouge
0%
8 Montgallet Rouge
0%
8 Maisons-Alfort - Les Juilliottes Rouge
0%
9 Marcel Sembat Rouge
0%
9 Exelmans Rouge
0%
9 Buzenval Rouge
0%
9 Robespierre Rouge
0%
10 Ségur Rouge
0%
10 Mabillon Rouge
0%
11 République Rouge
0%
11 Serge Gainsbourg Rouge
0%
12 Madeleine Rouge
0%
12 Vaugirard Rouge
0%
12 Corentin Celton Rouge
0%
13(j) Mairie de Clichy Rouge
0%
13 Saint-François-Xavier Rouge
0%
13 Duroc Rouge
0%
13 Gaîté Rouge
0%
8 Maisons-Alfort - Stade Rouge/Blanc
0%
6 Sèvres - Lecourbe Rouge/Inox
0%
7 Château-Landon Rouge/Inox
0%
13(b) Mairie de Saint-Ouen Rouge/Inox
0%
1 Saint-Paul Vert
0%
1 Bérault Vert
0%
2 Ternes Vert
0%
2 Monceau Vert
0%
2 Anvers Vert
0%
3 Arts et Métiers Vert
0%
3 Gambetta Vert
0%
4 Cité Vert
0%
5 Laumière Vert
0%
5 Gare de l'Est Vert
0%
5 République Vert
0%
5 Richard-Lenoir Vert
0%
6 Boissière Vert
0%
6 Trocadéro Vert
0%
6 Dugommier Vert
0%
7 Gare de l'Est Vert
0%
7 Opéra Vert
0%
7 Châtelet (Pont au Change) Vert
0%
7 Place d'Italie Vert
0%
8 Commerce Vert
0%
8 École Militaire Vert
0%
8 Grands Boulevards Vert
0%
8 Strasbourg - Saint-Denis Vert
0%
8 Reuilly - Diderot Vert
0%
8 Liberté Vert
0%
9 Pont de Sèvres Vert
0%
9 Nation Vert
0%
9 Maraîchers Vert
0%
10 Sèvres - Babylone Vert
0%
11 Belleville Vert
0%
11 Jourdain Vert
0%
11 Mairie des Lilas Vert
0%
11 Montreuil - Hôpital Vert
0%
12 Front Populaire Vert
0%
12 Saint-Georges Vert
0%
12 Montparnasse-Bienvenüe Vert
0%
12 Mairie d'Issy Vert
0%
13 Montparnasse-Bienvenüe Vert
0%
1 Palais-Royal - Musée du Louvre Violet
0%
8 Invalides Violet
0%
8 Concorde Violet
0%
Aucun quiz correspondant
Distribution des résultats
% des personnes avec chaque résultat
Percentile par nombre de réponses
Votre historique - résultats
Vous n’avez pas pris ce quiz depuis la dernière actualisation